| 000 | 00522nam a2200181Ia 4500 | ||
|---|---|---|---|
| 005 | 20260429111949.0 | ||
| 008 | 260429s9999||||xx |||||||||||||| ||und|| | ||
| 020 | _a9789811665523 | ||
| 041 | _aEnglish | ||
| 082 |
_a514 _bADH |
||
| 100 | _aAdhikari, Mahima Ranjan | ||
| 245 | 0 |
_aBasic topology 3 : _balgebraic topology and topology of fiber bundles / _cMahima Ranjan Adhikari |
|
| 260 |
_aSingapore : _bSpringer, _c2022. |
||
| 300 | _axxv, 468 p.; pbk | ||
| 650 | _a Topology | ||
| 650 | _aMathematics | ||
| 942 | _cTB | ||
| 999 |
_c51649 _d51649 |
||